Los métodos de la historia (Record no. 40505)

MARC details
000 -LEADER
campo de control de longitud fija 00751nam a2200193 i 4500
001 - NÚMERO DE CONTROL
campo de control 40505
003 - IDENTIFICADOR DE NÚMERO DE CONTROL
campo de control ES-MaACL
005 - FECHA Y HORA DE LA ÚLTIMA TRANSACCIÓN
campo de control 20250718234741.0
007 - CAMPO FIJO DE DESCRIPCIÓN FÍSICA--INFORMACIÓN GENERAL
campo de control de longitud fija t|
008 - DATOS DE LONGITUD FIJA--INFORMACIÓN GENERAL
campo de control de longitud fija 030306s1976 sp ||||1| spa d
100 1# - ENTRADA PRINCIPAL--NOMBRE DE PERSONA
Nombre de persona Cardoso, Ciro Flamarión S.
9 (RLIN) 35197
245 14 - MENCIÓN DEL TÍTULO
Título Los métodos de la historia
Resto del título : introducción a los problemas, métodos y técnicas de la historia demográfica, económica y social /
Mención de responsabilidad, etc. Ciro Flamarion S. Cardoso, Héctor Pérez Brignoli ; presentación de Josep Fontana.
260 ## - PUBLICACIÓN, DISTRIBUCIÓN, ETC.
Lugar de publicación, distribución, etc. Barcelona :
Nombre del editor, distribuidor, etc. Grijalbo,
Fecha de publicación, distribución, etc. [1976]
300 ## - DESCRIPCIÓN FÍSICA
Extensión 432 p. ;
Dimensiones 20 cm.
700 1# - ENTRADA AGREGADA--NOMBRE PERSONAL
Nombre de persona Pérez Brignoli, Héctor.
9 (RLIN) 90678
700 1# - ENTRADA AGREGADA--NOMBRE PERSONAL
Nombre de persona Fontana, Josep,
Fechas asociadas al nombre 1931-2018
9 (RLIN) 51600
852 ## - LOCALIZACIÓN
Ubicación ES-MaACL
Número de control de estantería A-6360
Sublocalización o colección R.95384
Holdings
Estatus retirado Estado de pérdida Estado de daño No para préstamo Biblioteca de origen Biblioteca actual Ubicación en estantería Fecha de adquisición Fuente de adquisición Total de préstamos Signatura topográfica completa Código de barras Visto por última vez Precio de reemplazo Tipo de ítem Koha
        Biblioteca del Ateneo de Madrid Biblioteca del Ateneo de Madrid Sala Pecera Planta 1 17/01/2008     A-6360 1042642 23/02/2023 23/02/2023 Libro impreso